Normal view MARC view

Entry Personal Name

Number of records used in: 1

001 - CONTROL NUMBER

  • control field: 1203

003 - CONTROL NUMBER IDENTIFIER

  • control field: DLC

005 - DATE AND TIME OF LATEST TRANSACTION

  • control field: 20200114145120.0

008 - FIXED-LENGTH DATA ELEMENTS

  • fixed length control field: 781208n| acannaabn |n aaa

010 ## - LIBRARY OF CONGRESS CONTROL NUMBER

  • LC control number: n 78092925

035 ## - SYSTEM CONTROL NUMBER

  • System control number: (OCoLC)oca00228033

040 ## - CATALOGING SOURCE

  • Original cataloging agency: DLC
  • Language of cataloging: eng
  • Transcribing agency: DLC
  • Modifying agency: OCoLC

100 1# - HEADING--PERSONAL NAME

  • Personal name: Obel, Børge

670 ## - SOURCE DATA FOUND

  • Source citation: Christensen, J. On decomposition algorithms, 1975.

670 ## - SOURCE DATA FOUND

  • Source citation: Burton, R.M. Designing efficient organization, c1984:
  • Information found: CIP t.p. (Børge Obel, Odense Univ., Denmark) data sheet (b. 12/27/48)

Powered by Koha